[Event "?"]
[Site "53rd ch-HUN w ;The Week in Che"]
[Date "2005.??.??"]
[Round "6"]
[White "Albert, K"]
[Black "Schneider, Veronika"]
[Result "0-1"]
[WhiteElo "2170"]
[BlackElo "2240"]

1. e4 c5 2. Nf3 e6 3. d4 cxd4 4. Nxd4 a6 5. Bd3 Bc5 6. Nb3 Be7 7. O-O d6 8.
Qg4 g6 9. Qe2 Nd7 10. Nc3 Qc7 11. f4 Ngf6 12. a4 b6 13. Bd2 Bb7 14. Rae1 h5
15. f5 gxf5 16. exf5 e5 17. Ne4 Rg8 18. c4 Rg4 19. Nxf6+ Bxf6 20. Rf3 Ke7
21. h3 Rg7 22. Be4 Rag8 23. Rf2 Bh4 24. Ref1 Bxf2+ 25. Rxf2 Bxe4 26. Qxe4
Nf6 27. Qe2 Kd7 28. a5 Rg3 29. Bc3 Qc6 30. Nd2 Rxh3 31. Rf3 Qc5+ 32. Qf2
Rxf3 33. Qxc5 bxc5 34. Nxf3 Ne4 35. Be1 Rb8 36. Kh2 Rxb2 37. Kh3 Rc2 38.
Kh4 Rxg2 0-1

[Event "?"]
[Site "Lushki B Serpukhov RUS ;The We"]
[Date "2004.??.??"]
[Round "3"]
[White "Kleiman, B"]
[Black "Kulago, A"]
[Result "1-0"]
[WhiteElo "2315"]
[BlackElo "2095"]

1. e4 c5 2. Nf3 e6 3. d4 cxd4 4. Nxd4 a6 5. Bd3 Bc5 6. Nb3 Be7 7. O-O d6 8.
c4 Nf6 9. Nc3 Nc6 10. Be3 b6 11. f4 Bb7 12. Rc1 Rc8 13. a3 Nd7 14. Nd2 Nc5
15. Bb1 Bf6 16. b4 Nd7 17. Nb3 Be7 18. Qd3 Qc7 19. Nd5 exd5 20. cxd5 Qb8
21. dxc6 Bxc6 22. Qxa6 Bb7 23. Qb5 Qa8 24. Rxc8+ Bxc8 25. Rc1 Ba6 26. Qf5
g6 27. Qh3 Nf6 28. e5 dxe5 29. fxe5 Nd7 30. e6 Nf6 31. Nd4 Bc8 32. exf7+
Kxf7 33. Ba2+ Nd5 34. Qf3+ 1-0

[Event "?"]
[Site "Ch Paris FRA"]
[Date "2000.??.??"]
[Round "?"]
[White "Yacob, Francois"]
[Black "Reilhac, Philippe"]
[Result "1-0"]
[WhiteElo "2265"]
[BlackElo "2140"]

1. e4 c5 2. Nf3 e6 3. d4 cxd4 4. Nxd4 Nc6 5. c4 Bc5 6. Nb3 Bb6 7. Nc3 a6 8.
Bd3 Nge7 9. O-O Ne5 10. c5 Nxd3 11. Qxd3 Bc7 12. f4 Ng6 13. Be3 O-O 14.
Rad1 b6 15. e5 f6 16. exf6 Rxf6 17. f5 Ne7 18. Bg5 Rf8 19. fxe6 Rxf1+ 20.
Qxf1 Qf8 21. Qf7+ Qxf7 22. exf7+ Kxf7 23. Rf1+ Kg6 24. Bxe7 Bb7 25. cxb6
Bxb6+ 26. Bc5 Bc7 27. Rd1 Bc6 28. Nd5 Be5 29. Ne7+ Kf7 30. Nxc6 dxc6 31.
Rd7+ Ke6 32. Rd2 Re8 33. Bd4 Kf5 34. Rf2+ Kg6 35. Bxe5 Rxe5 36. g3 Rd5 37.
Rc2 Rd6 38. Rd2 Rf6 39. Nc5 1-0

[Event "?"]
[Site "Paris Ch Open"]
[Date "2002.??.??"]
[Round "?"]
[White "Calistri, Tristan"]
[Black "Primel, Dominique"]
[Result "1/2-1/2"]
[WhiteElo "2275"]
[BlackElo "2125"]

1. e4 c5 2. Nf3 e6 3. d4 cxd4 4. Nxd4 a6 5. Bd3 Bc5 6. Nb3 Be7 7. O-O d6 8.
Qg4 g6 9. Qe2 Nd7 10. f4 Qc7 11. c4 b6 12. Nc3 Bb7 13. Kh1 Ngf6 14. Bd2 O-O
15. Rae1 Rac8 16. Nd4 e5 17. Nf3 exf4 18. Bxf4 Ng4 19. Nd5 Bxd5 20. exd5
Bf6 21. Nd2 Nge5 22. Bb1 Bg7 23. Rc1 Rfe8 24. Rfe1 Nf6 25. h3 Ned7 26. Qf2
Nh5 27. b3 Nxf4 1/2-1/2

[Event "?"]
[Site "CSR Ch Rimavska Sobota SVK"]
[Date "1974.??.??"]
[Round "?"]
[White "Lanc, Alois"]
[Black "Sikora-Lerch, Jan"]
[Result "1-0"]
[WhiteElo "2200"]
[BlackElo "2200"]

1. e4 c5 2. Nf3 e6 3. d4 cxd4 4. Nxd4 a6 5. Bd3 Bc5 6. Nb3 Bb6 7. Nc3 Nc6
8. Qe2 Nge7 9. Be3 Bxe3 10. Qxe3 Qc7 11. f4 d6 12. a3 b5 13. O-O O-O 14.
Qg3 b4 15. axb4 Nxb4 16. f5 f6 17. Kh1 e5 18. Na5 Nxd3 19. Qxd3 Rb8 20. b3
Rd8 21. Rfd1 Kf8 22. Nd5 Nxd5 23. exd5 Re8 24. c4 Bd7 25. Qe4 Qc8 26. Rf1
Rb6 27. Ra2 Qc7 28. Rd1 Reb8 29. h4 Qc8 30. Rf1 Qc5 31. Rd1 Qc8 32. g4 h6
33. Rg1 Rxb3 34. Nxb3 Rxb3 35. Kh2 Rc3 36. Rc2 Rb3 37. Rg3 Rb4 38. Ra3 Qc5
39. Rxa6 Rb3 40. g5 Re3 41. Ra8+ Be8 1-0

[Event "?"]
[Site "Buenos Aires ol (Men)"]
[Date "1978.??.??"]
[Round "?"]
[White "Canda, Danilo"]
[Black "Payne, Kwane"]
[Result "1-0"]
[WhiteElo "2200"]
[BlackElo "2200"]

1. e4 c5 2. Nf3 a6 3. Nc3 e6 4. d4 cxd4 5. Nxd4 Bc5 6. Nb3 Bb6 7. Bf4 Ne7
8. Bd6 Bc7 9. Qd2 Bxd6 10. Qxd6 O-O 11. Be2 f5 12. e5 f4 13. Bg4 Nbc6 14.
O-O-O Ng6 15. Rhe1 Qg5 16. Bf3 Ncxe5 17. h4 Qf6 18. h5 Nf7 19. Ne4 Qf5 20.
Qc7 Nh4 21. Nd4 Qe5 22. Qxe5 Nxe5 23. Nd6 Nc6 24. Bxc6 dxc6 25. Nxc8 Raxc8
26. Nxe6 Rf7 27. Rd8+ Rxd8 28. Nxd8 Rf8 29. Nxb7 Nxg2 30. Rg1 f3 31. Nc5
Rf5 32. Nxa6 Rxh5 33. Nb4 Nf4 34. Rg4 Ne2+ 35. Kd2 c5 36. Nd3 Rf5 37. a4 g5
38. a5 h5 39. Ra4 h4 40. a6 h3 41. a7 Rf8 42. a8=Q 1-0

[Event "?"]
[Site "EM/M/A087 corr ;Corr 2002"]
[Date "1999.??.??"]
[Round "?"]
[White "Van den Haak, Gerard KP"]
[Black "Savic, Dragoljub"]
[Result "0-1"]
[WhiteElo "2260"]
[BlackElo "2120"]

1. e4 c5 2. Nf3 e6 3. d4 cxd4 4. Nxd4 a6 5. Bd3 Bc5 6. Nb3 Bb6 7. O-O Nc6
8. Qe2 d6 9. Kh1 Nf6 10. Bg5 h6 11. Bh4 g5 12. Bg3 e5 13. N1d2 h5 14. h4
Ng4 15. Nf3 f6 16. Rad1 Be6 17. Bc4 Qe7 18. Bxe6 Qxe6 19. Qd2 O-O-O 20. a3
Rd7 21. Qd3 Kb8 22. c4 Rg8 23. Qd5 Qxd5 24. Rxd5 Kc7 25. Rd2 Nd8 26. Rfd1
Ne6 27. hxg5 h4 28. Nxh4 fxg5 29. Nf5 Rh8+ 30. Kg1 Rdh7 31. Kf1 Nf4 32.
Bxf4 gxf4 33. f3 Ne3+ 34. Nxe3 Bxe3 35. Rxd6 Rg8 36. R1d5 Rh1+ 0-1

[Event "?"]
[Site "Team Ch Portugal"]
[Date "1994.??.??"]
[Round "?"]
[White "Durao, Joaquim"]
[Black "Vitor, Antonio"]
[Result "1/2-1/2"]
[WhiteElo "2215"]
[BlackElo "2165"]

1. e4 c5 2. Nf3 e6 3. d4 cxd4 4. Nxd4 Qb6 5. Nc3 Bc5 6. Na4 Qa5+ 7. Nc3 Qb6
8. Na4 Qa5+ 9. Nc3 Bb4 10. Bd2 Nc6 11. Nb3 Qb6 12. Qg4 Bf8 13. Qg3 a6 14.
a4 Qa7 15. Bd3 Qb8 16. f4 d6 17. O-O h5 18. a5 Nf6 19. Na4 Qc7 20. Nb6 Rb8
21. f5 e5 22. c4 h4 23. Qf3 Be7 24. Nd5 Qd8 25. Be3 Nd7 26. Qg4 Kf8 27. Nd2
Nf6 28. Qe2 Nd7 29. b4 Bg5 30. Nf3 Bxe3+ 31. Qxe3 Ne7 32. c5 Nxd5 33. exd5
Nf6 34. Be4 Rh5 35. Nd2 h3 36. g3 Kg8 37. Nc4 dxc5 38. bxc5 Nxe4 39. Qxe4
Bxf5 40. Rxf5 Rxf5 41. Qxf5 Qxd5 42. Ne3 Qxc5 43. Qf2 Rd8 44. Rf1 Rd7 45.
Nf5 Qxa5 46. Nxg7 Qd2 47. Nh5 Qxf2+ 48. Rxf2 Rd1+ 49. Rf1 Rxf1+ 50. Kxf1 a5
51. Ke2 a4 52. Kd2 Kh7 53. Nf6+ Kg6 54. Ne4 f5 55. Nf2 f4 56. gxf4 exf4 57.
Nxh3 f3 58. Nf4+ Kf5 59. Nd3 a3 60. Nb4 Ke4 61. Na2 b5 62. Nb4 Kf4 63. Kd3
Kg4 1/2-1/2

[Event "?"]
[Site "Open Bled SLO"]
[Date "1996.??.??"]
[Round "?"]
[White "Licina, Anita"]
[Black "Jelica, Mara"]
[Result "0-1"]
[WhiteElo "2165"]
[BlackElo "2200"]

1. e4 c5 2. Nf3 e6 3. d4 cxd4 4. Nxd4 Bc5 5. Nc3 Qb6 6. Na4 Qa5+ 7. Nc3
Bxd4 8. Qxd4 Nf6 9. Bd2 Nc6 10. Qd6 Qe5 11. Bf4 Qxd6 12. Bxd6 a6 13. a4 Kd8
14. a5 Ne8 15. Bc5 d6 16. O-O-O Ke7 17. Bb6 Bd7 18. f4 Rc8 19. Be2 Nb8 20.
Rhe1 Bc6 21. Bf3 Nd7 22. Bf2 Nc7 23. Nd5+ Kd8 24. Nb4 Ke7 25. Nd5+ Kd8 26.
Nb4 Ke7 27. Rd2 Ne8 28. Red1 Bb5 29. b3 Bc6 30. Kb2 e5 31. g3 h5 32. c4 f6
33. Nd3 f5 34. Nb4 Bxe4 35. Bxe4 fxe4 36. Nd5+ Kf7 37. Re2 Nef6 38. Nxf6
Nxf6 39. Rxd6 exf4 40. gxf4 Rhd8 41. Rb6 Rd7 42. f5 Re8 43. Bg3 Rc8 44. Bf2
Ng4 45. Bg1 Re8 46. h3 Ne5 47. Re6 Rxe6 48. fxe6+ Kxe6 49. Rxe4 Kf5 50. Re3
Nc6 51. Kc3 Nxa5 52. Bh2 Nc6 53. b4 b5 54. cxb5 axb5 55. Re8 Rd4 56. Re5+
Nxe5 57. Kxd4 Nf3+ 58. Kc5 Nxh2 59. Kxb5 Nf3 60. Kc5 Ne5 61. b5 g5 62. Kd5
Nd7 63. Kd6 Nb6 64. Kc5 Nc8 65. Kd4 Kf4 0-1

[Event "?"]
[Site "chT2O Austria"]
[Date "1995.??.??"]
[Round "?"]
[White "Groetz, Harald"]
[Black "Todor, Razvan"]
[Result "1-0"]
[WhiteElo "2235"]
[BlackElo "2115"]

1. e4 e6 2. d4 c5 3. Nf3 cxd4 4. Nxd4 Bc5 5. Nc3 Qb6 6. Na4 Qa5+ 7. c3 Bxd4
8. Qxd4 e5 9. Qc5 Qxc5 10. Nxc5 b6 11. Nb3 Nf6 12. f3 d5 13. exd5 Nxd5 14.
Bc4 Be6 15. O-O Nd7 16. Re1 Nc7 17. Nd2 O-O-O 18. Bxe6 Nxe6 19. Nc4 Kc7 20.
Nxe5 Nxe5 21. Rxe5 Rd1+ 22. Kf2 Rhd8 23. Re1 Rxe1 24. Kxe1 Nc5 25. Ke2 Nd3
26. b3 Kc6 27. Be3 Ne5 28. Rd1 Re8 29. Rd4 f5 30. Kd2 h6 31. Bf4 b5 32.
Bxe5 Rxe5 33. Rd8 g5 34. Rf8 Rd5+ 35. Kc1 h5 36. Rh8 h4 37. f4 gxf4 38.
Rxh4 Rd3 39. Rxf4 Rxc3+ 40. Kd2 Rc5 41. h4 Kd6 42. Rd4+ Ke6 43. Ke3 Ke5 44.
Rd7 Rc3+ 45. Kd2 Rg3 46. Rxa7 Rxg2+ 47. Kc3 f4 48. Kb4 f3 49. Kxb5 Kf6 50.
Ra4 Ke5 51. Ra8 Rg6 52. Re8+ Re6 53. Rc8 f2 54. Rc1 Kd4 55. Rf1 Ke3 56. a4
Ke2 57. Rxf2+ Kxf2 58. b4 Ke3 59. a5 Kd4 60. a6 Re7 61. Kb6 Re6+ 62. Kb7
Kc4 63. a7 Re7+ 64. Ka6 Re6+ 65. Ka5 Re5+ 66. Ka4 Re8 67. b5 Kc5 68. Ka5
Rh8 69. b6 Kc6 70. Ka6 Re8 71. h5 Rf8 72. h6 Re8 73. h7 Rf8 74. b7 Rf3 75.
b8=N+ Kc7 76. h8=Q 1-0

[Event "?"]
[Site "CP.2001.Q.00023 ;Corr 2004"]
[Date "2002.??.??"]
[Round "?"]
[White "Ottenweller, Wolfgang"]
[Black "Deschamp, Guy"]
[Result "1/2-1/2"]
[WhiteElo "2040"]
[BlackElo "2275"]

1. e4 c5 2. Nf3 e6 3. d4 cxd4 4. Nxd4 Qb6 5. Nc3 Bc5 6. Na4 Qa5+ 7. c3 Be7
8. Nb5 d6 9. Bf4 e5 10. Bg5 Bxg5 11. Nxd6+ Kf8 12. h4 Bf6 13. Nxc8 Nc6 14.
b4 Nxb4 15. Rb1 Rxc8 16. Rxb4 Qc7 17. Rc4 Qd8 18. Rxc8 Qxc8 19. Qd6+ Ne7
20. Nc5 Kg8 21. g3 h5 22. Bh3 Qc6 23. Qxc6 Nxc6 24. Nxb7 Kh7 25. Bd7 Nb8
26. Bb5 Rc8 27. Kd2 Be7 28. Rb1 g6 29. a4 Kg7 30. a5 Rc7 31. a6 Nd7 32. c4
Nc5 33. Nxc5 Bxc5 34. Ke2 Bd4 35. f4 Kf6 36. Rd1 Ke7 37. Kf3 Kd6 38. Rb1
Ke7 39. Rb4 Rc5 40. Rb3 Rc8 41. Ke2 Rb8 42. Rf3 Rd8 43. Rf1 exf4 44. gxf4
Bc5 45. Bc6 Rd6 46. Bb7 Rb6 47. e5 f5 48. Rd1 Rb2+ 49. Kf3 Rb3+ 50. Kg2
Rb2+ 51. Kg3 Rb3+ 52. Bf3 Bb4 53. Rc1 1/2-1/2

[Event "?"]
[Site "chT29899 HUN"]
[Date "1998.??.??"]
[Round "?"]
[White "Jonas, Zsolt"]
[Black "Porubszky Angyalosine, Maria A"]
[Result "1/2-1/2"]
[WhiteElo "2140"]
[BlackElo "2170"]

1. e4 c5 2. Nf3 e6 3. d4 cxd4 4. Nxd4 a6 5. Bd3 Bc5 6. Nb3 Be7 7. O-O d6 8.
c4 Nf6 9. Nc3 O-O 10. Be3 Nbd7 11. Kh1 b6 12. Rc1 Bb7 13. f4 Qc7 14. Nd2
Rac8 15. b3 Rfe8 16. Nf3 Nc5 17. Bxc5 Qxc5 18. Qe2 g6 19. Na4 Qc7 20. Qe3
Bd8 21. Nc3 Be7 22. Nd2 Bf8 23. Na4 Nd7 24. Qg3 Bg7 25. Nc3 Qc5 26. Ne2 a5
27. Nf3 Nf6 28. Nd2 Nh5 29. Qf2 f5 30. Ng3 Nxg3+ 31. hxg3 Bd4 32. Qe2 Be3
33. Rce1 Bxd2 1/2-1/2

[Event "?"]
[Site "Ch Paris FRA"]
[Date "2000.??.??"]
[Round "?"]
[White "Koulitchenko, Alexandre"]
[Black "Walzer, Nicolas"]
[Result "1-0"]
[WhiteElo "2165"]
[BlackElo "2115"]

1. e4 e6 2. d4 c5 3. Nf3 cxd4 4. Nxd4 Qb6 5. Nc3 Bc5 6. Be3 Nc6 7. Na4 Qa5+
8. c3 Bxd4 9. Bxd4 Nxd4 10. Qxd4 Nf6 11. e5 Nd5 12. Nc5 O-O 13. Bd3 f6 14.
exf6 Nxf6 15. O-O d5 16. Rfe1 Re8 17. Re5 Qc7 18. Rae1 Qf7 19. Qh4 b6 20.
Nb3 Bd7 21. Nd4 Rab8 22. Nf3 h6 23. Qg3 g5 24. h4 Nh5 25. Qg4 Nf6 26. Qg3
Nh5 27. Qg4 Nf6 28. Qd4 g4 29. Nh2 Qg7 30. R1e3 Kh8 31. Rg3 Bc6 32. Nxg4
Nd7 33. Nxh6 Qf6 34. Nf7+ 1-0

[Event "?"]
[Site "CM.2001.0.00153 ;Corr 2004"]
[Date "2001.??.??"]
[Round "?"]
[White "Huerga, Jorge Hugo"]
[Black "Stillerud, Lennart"]
[Result "0-1"]
[WhiteElo "2250"]
[BlackElo "2015"]

1. e4 c5 2. Nf3 e6 3. d4 cxd4 4. Nxd4 Qb6 5. Nc3 Bc5 6. Be3 Nc6 7. Ndb5
Bxe3 8. fxe3 Qxe3+ 9. Be2 Kf8 10. Rf1 Nf6 11. Qd6+ Kg8 12. Rxf6 gxf6 13.
Rd1 Qg1+ 14. Bf1 Ne5 15. Nc7 Rb8 16. Nxe6 dxe6 17. Qxb8 Kg7 18. h3 Qe3+ 19.
Ne2 Qb6 20. b3 Qe3 21. Qc7 Qxe4 22. Rd4 Qe3 23. Qa5 Qg5 24. Qc3 Bd7 25. h4
Qh6 26. Qh3 Rc8 27. c4 Rg8 28. Nf4 Kh8 29. Be2 Bc6 30. b4 f5 31. Qh2 Ng4
32. Bxg4 Qf6 33. Qg1 Rxg4 34. Qf2 Bxg2 0-1

[Event "?"]
[Site "First Saturday MF-A (fevrier)"]
[Date "2004.??.??"]
[Round "?"]
[White "Horvath, Gabor"]
[Black "Schneider, Veronika"]
[Result "1/2-1/2"]
[WhiteElo "2150"]
[BlackElo "2110"]

1. e4 c5 2. Nf3 e6 3. d4 cxd4 4. Nxd4 a6 5. Bd3 Bc5 6. Nb3 Be7 7. O-O d6 8.
c4 Nf6 9. Nc3 Qc7 10. Be3 Nbd7 11. Rc1 b6 12. f3 Bb7 13. Qe1 O-O 14. Kh1
Rac8 15. Qf2 Rfe8 16. Rfd1 Bd8 17. Be2 Qb8 18. Rd2 Bc7 19. Rcd1 Rcd8 20.
Bg5 h6 21. Bf4 Ne5 22. Be3 Bc6 23. Nd4 Ba8 24. Nc2 Re7 25. Nb4 Qb7 26. c5
bxc5 27. Nxa6 Red7 28. Nxc7 Qxc7 29. Bf4 Bc6 30. Nb5 Qb8 31. a4 Qb6 32. h3
Ng6 33. Be3 Bxe4 34. b4 Bc6 35. bxc5 dxc5 36. Bxc5 Qa5 37. Bb6 Qb4 38. Bxd8
Rxd2 39. Rxd2 Qxd2 40. Bxf6 gxf6 41. Kg1 Qc2 42. Nd4 Qc1+ 43. Bf1 Bxa4 44.
Ne2 Qc7 45. Qd4 Bb5 46. Qxf6 Qc5+ 47. Qd4 Qxd4+ 1/2-1/2

[Event "?"]
[Site "WC.2004.P.00015 ;Corr 2004"]
[Date "2001.??.??"]
[Round "?"]
[White "Starace, Umberto"]
[Black "Deschamp, Guy"]
[Result "0-1"]
[WhiteElo "1975"]
[BlackElo "2275"]

1. e4 c5 2. Nf3 e6 3. d4 cxd4 4. Nxd4 Qb6 5. Nc3 Bc5 6. Na4 Qa5+ 7. c3 Bxd4
8. Qxd4 Nf6 9. Nc5 O-O 10. Nb3 Qh5 11. Bd3 Nc6 12. Qc5 Qxc5 13. Nxc5 b6 14.
Nb3 Ne5 15. Bc2 Bb7 16. f3 d5 17. exd5 Nxd5 18. O-O Nc4 19. Re1 Rac8 20.
Nd4 Rfd8 21. Bd3 Rd7 22. a4 a6 23. f4 Nf6 24. Re2 g6 25. Re1 Kf8 26. Be2 h5
27. b3 Na5 28. b4 Nc4 29. b5 a5 30. Bd3 Nd6 31. Ra3 Nd5 32. Bd2 Nc4 33.
Bxc4 Rxc4 34. Rf1 Rd6 35. Rf2 Nf6 36. Re2 Ne4 37. Be1 Ke7 38. Re3 Rd7 39.
Re2 Nc5 40. Rea2 f6 41. Bf2 e5 42. Re2 Nxa4 43. fxe5 Nxc3 44. exf6+ Kxf6
45. Re1 Be4 0-1

[Event "?"]
[Site "DESC STS011 email ;Corr 2004"]
[Date "2001.??.??"]
[Round "?"]
[White "Dietrich, Udo"]
[Black "Arndt, Stefan"]
[Result "1/2-1/2"]
[WhiteElo "2170"]
[BlackElo "2070"]

1. e4 c5 2. Nf3 e6 3. d4 cxd4 4. Nxd4 a6 5. Bd3 Bc5 6. Nb3 Be7 7. Nc3 d6 8.
O-O Nf6 9. Qf3 Nbd7 10. Qg3 b5 11. Qxg7 Rg8 12. Qh6 Ne5 13. a3 Nfg4 14. Qh3
Bb7 15. Bf4 Qc7 16. Rad1 h5 17. Bxe5 Nxe5 18. Be2 Rc8 19. Bxh5 Rh8 20. f4
Nc4 21. f5 Qb6+ 22. Kh1 Qe3 23. Rd3 Qg5 24. fxe6 Rxh5 25. exf7+ Kd8 26. Qe6
Bf8 27. Na5 Kc7 28. Nxc4 Rh6 29. Nd5+ Kb8 30. Rg3 Qh5 31. Qh3 Qxh3 32. Rxh3
Rxh3 33. Nxd6 Bxd6 34. gxh3 Bf8 35. Rf6 Rc4 36. Nc3 Kc7 37. Kg1 Rc6 38.
Nd5+ Kd7 39. Rf2 Rg6+ 40. Kf1 Rh6 41. b3 Ke6 42. c4 1/2-1/2

[Event "?"]
[Site "DESC-ch email ;Corr 2004"]
[Date "2002.??.??"]
[Round "2"]
[White "Maur, Rainer"]
[Black "Arndt, Stefan"]
[Result "1-0"]
[WhiteElo "2095"]
[BlackElo "2085"]

1. e4 c5 2. Nf3 e6 3. d4 cxd4 4. Nxd4 a6 5. Bd3 Bc5 6. Nb3 Be7 7. O-O d6 8.
Qg4 Nf6 9. Qxg7 Rg8 10. Qh6 Nc6 11. Nc3 Qc7 12. a4 Bd7 13. Bd2 Ne5 14. Qh3
Nxd3 15. Qxd3 Rg6 16. Rae1 O-O-O 17. Ne2 Rdg8 18. Ba5 Rxg2+ 19. Kh1 b6 20.
Qxa6+ Qb7 21. Qxb7+ Kxb7 22. Ng3 R2xg3 23. fxg3 bxa5 24. Nxa5+ Kb8 25. Nc4
Bxa4 26. Nxd6 Bc6 27. Kg1 Ng4 28. Nxf7 Bc5+ 29. Kh1 Be3 30. Kg2 Bxe4+ 31.
Kh3 Bf5 32. Nd6 Nf2+ 33. Kg2 Bh3+ 34. Kg1 Ng4+ 35. Rxe3 Nxe3 36. Rf7 Nxc2
37. Rxh7 Rf8 38. Nf7 Ne3 39. Rh8 Rxh8 40. Nxh8 Nd1 41. Nf7 Nxb2 42. Ng5 Bf5
43. h4 Nd3 44. h5 Ne5 45. Kf2 Kc7 46. Ke3 1-0

[Event "?"]
[Site "IECC TH-T email ;Corr 2004"]
[Date "2000.??.??"]
[Round "?"]
[White "Makarczuk, Jacek"]
[Black "Van Deursen, Peter"]
[Result "1-0"]
[WhiteElo "1970"]
[BlackElo "2175"]

1. e4 c5 2. Nf3 e6 3. d4 cxd4 4. Nxd4 a6 5. Bd3 Bc5 6. Nb3 Be7 7. Qg4 g6 8.
Qe2 Qc7 9. O-O Nc6 10. Nc3 h5 11. f4 d6 12. Kh1 Nf6 13. f5 gxf5 14. exf5
Ng4 15. Bf4 Nge5 16. Be4 Bd7 17. Bxc6 Bxc6 18. fxe6 fxe6 19. Nc5 1-0

[Event "?"]
[Site "IECC Swiss email ;Corr 2004"]
[Date "1999.??.??"]
[Round "?"]
[White "Adams, Mark"]
[Black "Nowicki, Andrzej"]
[Result "0-1"]
[WhiteElo "2210"]
[BlackElo "1930"]

1. e4 c5 2. Nf3 Nc6 3. d4 cxd4 4. Nxd4 e6 5. Nc3 Bc5 6. Ndb5 Nf6 7. Nd6+
Ke7 8. Nxc8+ Rxc8 9. Bd3 Bb4 10. O-O d5 11. exd5 Nxd5 12. Nxd5+ Qxd5 13.
Qg4 Bd6 14. Bg5+ Kf8 15. f4 Nb4 16. f5 h6 17. Bh4 h5 18. Qh3 Nxd3 19. cxd3
Kg8 20. Rae1 exf5 21. Rxf5 Qxa2 22. Rb5 Rc5 23. Qd7 Qd5 24. Rxb7 Rc2 25.
Re4 Rh6 26. Qe8+ Kh7 27. Qxf7 Bc5+ 28. Kh1 Qxf7 29. Rxf7 Rc1+ 30. Re1 Rxe1+
31. Bxe1 Ra6 32. Rf5 Ra1 33. Rxh5+ Kg6 34. Re5 Bb4 35. g3 Bxe1 36. Kg2 Bb4
37. Kf3 Rf1+ 38. Ke4 a5 39. Re6+ Kf7 40. Rc6 Rf2 41. Rc7+ Kg6 42. Rc6+ Kh7
0-1

[Event "?"]
[Site "WC.2002.F.00007 ;Corr 2004"]
[Date "2002.??.??"]
[Round "?"]
[White "Rusak, Alexandr Victorovic"]
[Black "Kaufmann, Michael"]
[Result "1/2-1/2"]
[WhiteElo "2045"]
[BlackElo "2045"]

1. e4 c5 2. Nf3 e6 3. d4 cxd4 4. Nxd4 a6 5. Bd3 Bc5 6. Nb3 Be7 7. Nc3 d6 8.
O-O Nf6 9. f4 Qc7 10. Qf3 Nbd7 11. Bd2 b6 12. Qg3 g6 13. Rae1 Bb7 14. e5
Nh5 15. Qf2 O-O 16. exd6 Bxd6 17. Ne4 Be7 18. Bc3 Nhf6 19. Nxf6+ Bxf6 20.
Bxf6 Nxf6 21. Qh4 Nd5 22. f5 exf5 23. c4 Nb4 24. Bxf5 Rae8 25. a3 Rxe1 26.
Rxe1 Nc6 27. Be4 Re8 28. Bd5 Rxe1+ 1/2-1/2

[Event "?"]
[Site "2nd Bundesliga Ost"]
[Date "2006.??.??"]
[Round "6"]
[White "Manik, Mikulas"]
[Black "Papp, Gabor"]
[Result "1-0"]
[WhiteElo "2450"]
[BlackElo "2485"]

1. e4 c5 2. Nf3 e6 3. d4 cxd4 4. Nxd4 Qb6 5. Be3 Bc5 6. Na3 Bxa3 7. bxa3
Qa5+ 8. Bd2 Qe5 9. Nb5 a6 10. Bc3 Qxe4+ 11. Qe2 Qxe2+ 12. Bxe2 Kf8 13. Nc7
Ra7 14. Bd4 b6 15. Bxb6 Rb7 16. Rb1 d6 17. Bf3 d5 18. Bc5+ Ne7 19. Rxb7
Bxb7 20. Kd2 Nd7 21. Bd6 h5 22. Rb1 Bc8 23. Bxd5 exd5 24. Re1 Nb6 25. Bxe7+
Kg8 26. Bc5 Nd7 27. Bd4 Bb7 28. Re8+ Kh7 29. Re7 Nf6 30. Bxf6 gxf6 31. Ne6
Kg6 32. Nf4+ Kf5 33. g3 Bc6 34. Rxf7 Bb5 35. Rg7 h4 36. Nh5 h3 37. f3 d4
38. Nf4 Rc8 39. Rh7 Ke5 40. Rh5+ f5 41. Rh6 Bc4 42. Rxh3 Bxa2 43. Rh6 Bc4
44. Rb6 Rc5 45. h4 Ra5 46. h5 Rxa3 47. h6 Rxf3 48. h7 1-0

[Event "?"]
[Site "13th Guillermo Garcia mem Prem"]
[Date "2005.??.??"]
[Round "?"]
[White "Perez, Luis Manuel"]
[Black "Flores, Diego"]
[Result "1/2-1/2"]
[WhiteElo "2420"]
[BlackElo "2490"]

1. e4 c5 2. Nf3 e6 3. d4 cxd4 4. Nxd4 Qb6 5. Be3 Bc5 6. Na3 d5 7. exd5 exd5
8. Bb5+ Bd7 9. O-O Ne7 10. b4 Bxb4 11. Nf5 Qf6 12. Nxe7 Qxe7 13. Qxd5 O-O
14. Bxd7 Qxd7 15. Qb3 Bxa3 16. Qxa3 Nc6 17. Rfd1 Qf5 18. c4 Rfe8 19. h3 h6
20. Rd5 Qe4 21. Qd3 Rac8 22. Rb1 Qxd3 23. Rxd3 Ne5 24. Ra3 Nxc4 25. Rxa7 b6
26. Bf4 g5 27. Bc7 Re6 28. Rd1 Rce8 29. Rd7 h5 30. g3 Rf6 31. Rd8 Re6 32.
Raa8 Rxd8 33. Rxd8+ Kg7 34. Rd4 Re1+ 35. Kg2 Rc1 36. Bd8 Kg6 37. Bxb6 Rc2
38. a4 Ne5 39. Rd6+ Kf5 40. Bd4 Nd3 41. Kf3 g4+ 42. hxg4+ hxg4+ 43. Ke3 Nc1
44. Rd5+ Ke6 45. Rb5 Re2+ 46. Kf4 Nd3+ 47. Kg5 Re4 48. Rb6+ Kd5 49. Be3
Rxa4 50. Rb5+ Ke6 51. Rb6+ Kd5 52. Kf5 Ra2 53. Rb7 Nxf2 54. Rd7+ Kc6 55.
Rxf7 Ra5+ 56. Kf4 Ra4+ 57. Kf5 Ra5+ 58. Kf4 Ra4+ 59. Kg5 Ne4+ 60. Kh4 Kd5
61. Rf5+ Ke6 62. Rf4 Ke5 63. Rxg4 Ra1 64. Kh3 Ra3 65. Bf4+ Kf5 66. Rg8 Nf2+
67. Kh4 Ra7 68. Rf8+ Kg6 69. g4 Ra3 70. Bg3 Ne4 71. Be5 Ra5 72. Rg8+ Kf7
73. Rg7+ Kf8 74. Bd4 Rd5 75. Ra7 Rxd4 76. Kh5 Nf6+ 77. Kg6 Nxg4 78. Kf5
Ne3+ 79. Kf6 Rd6+ 80. Ke5 Nc4+ 81. Kf5 Rc6 82. Kg5 Nd6 83. Kf4 Nf7 84. Kf5
Kg7 85. Ra1 Rf6+ 86. Ke4 Ng5+ 87. Ke5 Kg6 88. Rb1 Nf3+ 89. Kd5 Rf5+ 90. Kd6
Nd2 91. Rb4 Kf6 92. Rd4 Nf3 93. Rd1 Ra5 94. Rf1 Ra3 95. Kd5 Kf5 96. Rf2
Ra5+ 97. Kd6 Ke4 98. Rg2 Rd5+ 99. Ke6 Nd4+ 100. Kf6 Rd6+ 101. Kf7 Ke5 102.
Ra2 Rf6+ 103. Ke7 Nc6+ 104. Kd7 Rd6+ 105. Kc7 Nd4 106. Rh2 Ne6+ 107. Kb7
Kd5 108. Rh5+ Kc4 109. Rh1 Nd4 110. Rc1+ Kd5 111. Rh1 Rd7+ 112. Kb6 Rd8
113. Rh5+ Kd6 114. Rh6+ Ne6 115. Kb5 1/2-1/2

[Event "?"]
[Site "FS08 GM Budapest HUN"]
[Date "2002.??.??"]
[Round "?"]
[White "Rajlich, Vasik G"]
[Black "Horvath, Csaba"]
[Result "0-1"]
[WhiteElo "2335"]
[BlackElo "2515"]

1. e4 c5 2. Nf3 e6 3. d4 cxd4 4. Nxd4 Qb6 5. Be3 Bc5 6. c3 Nf6 7. b4 Bxd4
8. Bxd4 Qc7 9. Na3 O-O 10. Bd3 d6 11. O-O Nbd7 12. Nb5 Qb8 13. Bc2 Ne8 14.
a4 a6 15. Na3 Qc7 16. Qd3 Ne5 17. Qg3 Nc6 18. Be3 e5 19. Bb3 Be6 20. Bxe6
fxe6 21. Rfd1 Nf6 22. f3 d5 23. b5 Ne7 24. c4 dxe4 25. b6 Qc6 26. Qxe5 Nf5
27. Bc5 Rf7 28. Bd6 exf3 29. Qxe6 Ne4 30. c5 Nfxd6 31. cxd6 Qc5+ 32. Kh1
Nf2+ 33. Kg1 Nh3+ 34. Kh1 Qg1+ 0-1

[Event "?"]
[Site "Capablanca Memorial Premier II"]
[Date "2002.??.??"]
[Round "?"]
[White "Gongora, Maikel"]
[Black "Vazquez, Renier"]
[Result "1/2-1/2"]
[WhiteElo "2405"]
[BlackElo "2440"]

1. e4 c5 2. Nf3 e6 3. d4 cxd4 4. Nxd4 Qb6 5. Be3 Bc5 6. Nb5 Nf6 7. N1c3 a6
8. Bxc5 Qxc5 9. Qd6 Qxd6 10. Nxd6+ Ke7 11. e5 Ng4 12. Na4 Nxe5 13. O-O-O
Nbc6 14. Nb6 Rb8 15. Be2 Nb4 16. a3 Nbd3+ 17. Bxd3 Kxd6 18. Nxc8+ Rhxc8 19.
Bxa6+ Ke7 20. Be2 b5 21. Kb1 d5 1/2-1/2

[Event "?"]
[Site "Capablanca Memorial Mixto"]
[Date "2002.??.??"]
[Round "?"]
[White "Zambrana, Oswaldo"]
[Black "Araque, Rafael"]
[Result "1/2-1/2"]
[WhiteElo "2385"]
[BlackElo "2365"]

1. e4 c5 2. Nf3 e6 3. d4 cxd4 4. Nxd4 Qb6 5. Be3 Bc5 6. Na3 d5 7. exd5 exd5
8. Bb5+ Bd7 9. O-O Nf6 10. b4 Bxb4 11. Rb1 Qa5 12. Nb3 Qd8 13. Bc5 Bxc5 14.
Nxc5 O-O 15. Nxb7 Qc7 16. Bxd7 Nbxd7 17. Qd3 Ne5 18. Qg3 Ne4 19. Qf4 f6 20.
Rb3 Rab8 21. Rfb1 Nc3 22. Nb5 Rxb7 23. Nxc3 Rxb3 24. Rxb3 d4 25. Qxd4 Rd8
26. Rb7 Rxd4 27. Rxc7 Rd2 1/2-1/2

[Event "?"]
[Site "CajaCanarias (tournoi)"]
[Date "2003.??.??"]
[Round "?"]
[White "Cabrera, Alexis"]
[Black "Gonzalez, Jacob"]
[Result "1-0"]
[WhiteElo "2515"]
[BlackElo "2225"]

1. e4 c5 2. Nf3 e6 3. d4 cxd4 4. Nxd4 Qb6 5. Be3 Bc5 6. Nc3 Nc6 7. Ndb5
Bxe3 8. fxe3 a6 9. Nd6+ Kf8 10. Qd2 f6 11. O-O-O Nge7 12. g4 Ne5 13. Be2
N7g6 14. g5 Ke7 15. h4 Rf8 16. h5 Nh8 17. Na4 Qc6 18. Qb4 b5 19. Nf5+ Kd8
20. Qxf8+ Kc7 21. Nd4 1-0

[Event "?"]
[Site "CP.2001.Q.00008 ;Corr 2004"]
[Date "2002.??.??"]
[Round "?"]
[White "Tanti, Joseph G"]
[Black "Stillerud, Lennart"]
[Result "0-1"]
[WhiteElo "1955"]
[BlackElo "2330"]

1. e4 c5 2. Nf3 e6 3. d4 cxd4 4. Nxd4 Qb6 5. Be3 Bc5 6. Na3 d5 7. exd5 exd5
8. Bb5+ Bd7 9. O-O Ne7 10. Re1 Nbc6 11. Nb3 Bxe3 12. Rxe3 Be6 13. c3 O-O
14. Bd3 d4 15. cxd4 Rad8 16. Qc2 h6 17. Nc4 Qc7 18. Ncd2 Nd5 19. Ree1 a5
20. Bb5 Ndb4 21. Qc3 Qb6 22. Bxc6 Nxc6 23. Re4 Bd5 24. Re3 Bxb3 25. Nxb3 a4
26. Nc5 Qb5 27. Re4 Rd5 28. Rae1 0-1